Valuation: In search of a global standard (Record no. 84869)

MARC details
000 -LEADER
fixed length control field 00566cab a22001935a 4500
001 - CONTROL NUMBER
control field L159358
008 - FIXED-LENGTH DATA ELEMENTS--GENERAL INFORMATION
fixed length control field 161206e2016 xxk 000 0 eng d
035 ## - SYSTEM CONTROL NUMBER
System control number (Sirsi) u159358
041 0# - LANGUAGE CODE
Language code of text/sound track or separate title eng
100 1# - MAIN ENTRY--PERSONAL NAME
Personal name Williams, Steve
245 00 - TITLE STATEMENT
Title Valuation: In search of a global standard
260 ## - PUBLICATION, DISTRIBUTION, ETC.
Date of publication, distribution, etc. 2016
490 ## - SERIES STATEMENT
Series statement Journal of Building Survey, Appraisal & Valuation
Volume/sequential designation 5(2) Autumn 2016, 98-102(5)
520 ## - SUMMARY, ETC.
Summary, etc. Outlines the case for the adoption a global valuation standard.
590 ## - LOCAL NOTE (RLIN)
Local note KA
651 #4 - SUBJECT ADDED ENTRY--GEOGRAPHIC NAME
Geographic name International
690 ## - LOCAL SUBJECT ADDED ENTRY--TOPICAL TERM (OCLC, RLIN)
Topical term or geographic name as entry element Valuation
9 (RLIN) 6273
942 ## - ADDED ENTRY ELEMENTS (KOHA)
Suppress in OPAC 0
Holdings
Withdrawn status Lost status Source of classification or shelving scheme Damaged status Not for loan Home library Current library Shelving location Date acquired Total Checkouts Full call number Barcode Date last seen Copy number Price effective from Koha item type
    Dewey Decimal Classification     London London Journal article 06/12/2016   L159358 159358-1001 06/08/2019 1 06/08/2019 Journal article